00545 2200181 4500245012500000020002200125250001000147100002000157100002100177700001500198650003700213005001900250260003300269041001400302084001200316300002600328336000900354 aEnsiklopedia Pemerintahan & Kewarganegaraan b : Sistem dan Bentuk Pemerintahan di Dunia Jilid 1cKenneth MinoguehText a978-979-3535-76-0 aCet.1 aKenneth Minogue aDina C Hermandez aJo Scaraba aPemerintahan dan Kewarganegaraan a20240926105941 aJakartabLENTERA ABADIc2010 aIndonesia aR 320.9 aix, 103 hlm, :c30 cm atext